Ratio juris

Detalles Bibliográficos
Formato: Desconocido
Lenguaje:inglés
Publicado: Basil Blackwell, Oxford : Centro de Investigaciones Socio-jurd̕icas Unaula
Materias:
Acceso en línea:Acceso restringido

MARC

LEADER 00000ny a22000003n 4500
005 20110510151318.0
008 091218s uk 000 eng d
022 |a 0952-1917 
035 |a 2700 
040 |a BUS  |d vLex 
080 |a 340.12 05 
080 |a 340.143 05 
090 |c 1598  |d 1598 
245 3 0 |a Ratio juris  |h [Recurso electrn̤ico] 
256 |a Servicio en ln̕ea 
260 |a Basil Blackwell, Oxford :  |b Centro de Investigaciones Socio-jurd̕icas Unaula  
310 |a Cuatrimestral 
506 1 |a Contenido solo disponible en los productos indicados  |d vLex Global  |d vLex Global (Academic Edition, excluding Law Schools)  |d vLex Global (U.S. Academic Edition, Law Schools)  |d vLex Global (U.S. Academic Edition, excluding Law Schools)  |d vLex Global (Academic Edition, Law Schools) 
650 0 4 |a Derecho  |x Filosofa̕  |x Publicaciones perid̤icas 
650 0 4 |a Jurisprudencia  |x Publicaciones perid̤icas 
740 0 |a vLex Revista (Servicios en ln̕ea) 
776 0 |i Versin̤ impresa:  |t Ratio juris,  |x 0952-1917 
843 |a Electrn̤ica. Cerrada 
853 |8 1  |i (year)  |j (month)  |k (day) 
856 4 0 |u http://vlex.com/source/2700  |z Acceso restringido 
942 |c REV